[Event "GER-chT U10"]
[Site "Magdeburg"]
[Date "2018.12.27"]
[Round "1.2"]
[White "Sauer, Tim"]
[Black "Hai Dang, Tom"]
[Result "1-0"]
[WhiteElo "1427"]
[BlackElo "1132"]
[PlyCount "67"]
[EventDate "2018.12.27"]
[EventType "team-swiss"]
[EventRounds "7"]
[EventCountry "GER"]
[SourceTitle "CBM 188 Extra"]
[Source "ChessBase"]
[SourceDate "2019.02.26"]
[SourceVersion "1"]
[SourceVersionDate "2019.02.26"]
[SourceQuality "1"]
[WhiteTeam "Bemerode"]
[BlackTeam "Plauen Koenig"]
[WhiteTeamCountry "GER"]
[BlackTeamCountry "GER"]

1. d4 f5 2. c4 Nf6 3. Nc3 e6 4. Nf3 d6 5. Bf4 Be7 6. h3 0-0 7. e3 Nc6 8. Be2 Bd7 9. 0-0 Qe8 10. a3 Qf7 11. d5 Nd8 12. dxe6 Nxe6 13. Ng5 Nxg5 14. Bxg5 Qg6 15. Bf4 Bc6 16. Bf3 Bxf3 17. Qxf3 Ne4 18. Nd5 Bf6 19. Rfd1 c6 20. Nxf6+ Rxf6 21. Rac1 Rd8 22. c5 b5 23. cxd6 c5 24. d7 Rf7 25. Qe2 Rfxd7 26. Rxd7 Rxd7 27. Qxb5 Rd2 28. Qb3+ Kf8 29. Rf1 Rd8 30. Bc7 Nd2 31. Qb5 Nxf1 32. Bxd8 Nd2 33. Qxc5+ Ke8 34. Qe7# 1-0